Welcome to the Holygrace Academy Library

Please use search bar below to get started

ORU VADAKKAN VEERAGADHA (Record no. 7115)

MARC details
000 -LEADER
fixed length control field 00388nam a22001457a 4500
020 ## - INTERNATIONAL STANDARD BOOK NUMBER
ISBN 978-81-226-1331-5
082 ## - DEWEY DECIMAL CLASSIFICATION NUMBER
Classification number 894.812
Item number VAS/V
100 ## - MAIN ENTRY--AUTHOR NAME
Personal name VASUDEVAN NAIR, M T
245 ## - TITLE STATEMENT
Title ORU VADAKKAN VEERAGADHA
246 ## - VARYING FORM OF TITLE
Title proper/short title ORU VADAKKAN VEERAGADHA
Remainder of title ORU VADAKKAN VEERAGADHA
260 ## - PUBLICATION, DISTRIBUTION, ETC. (IMPRINT)
Place of publication THRISSUR
Name of publisher CURRENT BOOKS
Year of publication 2016
300 ## - PHYSICAL DESCRIPTION
Number of Pages 95
650 ## - SUBJECT ADDED ENTRY--TOPICAL TERM
Topical Term MALAYALAM SCREENPLAY
Geographic subdivision KERALA
942 ## - ADDED ENTRY ELEMENTS (KOHA)
Koha item type Books
Holdings
Withdrawn status Lost status Collection code Home library Current library Shelving location Date acquired Source of acquisition Cost, normal purchase price Full call number Accession Number Koha item type
    Fiction Main Library Main Library NEW SHELF WITH NEW ENTRY 26/10/2023 purchase 85.00 894.812.3 VAS/V 13148 Books